00641nai a2200169Ia 4500003000900000008004100009022002200050022002300072040001600095245004700111260008600158310001200244362002900256521006900285650002900354856008800383IN-BaIIA211028c9999 xx s 000 0 eng d a0018-9340 (Print) a1557-9956 (Online) cIIA Library 0aIEEE Transactions on Computersh[eJournal] aNew York, USAbThe Institute of Electrical and Electronics Engineers, Inc. (IEEE) aMonthly aC-17(1); 1968 - Present  bSubscribed through National Knowledge Resource Consortium (NKRC) aComputing and Processing uhttps://ieeexplore.ieee.org/servlet/opac?punumber=12yClick Here to Access eJournal